000
00296nam a2200145Ia 4500
100
_a
Sudha Murthy
650
_a
Fiction
942
_c
BK
366
_f
17.5
245
_a
How I taught my grandmother to read
260
_b
#N/A
082
_a
808.83/SUD
_b
SUD
546
_a
ENGLISH
999
_c
30973
_d
30973